Las condiciones del progreso económico (Registro nro. 6753)

Detalles MARC
000 -LEADER
fixed length control field 01426 a2200229 4500
001 - CONTROL NUMBER
control field 59602
005 - DATE AND TIME OF LATEST TRANSACTION
control field 20260407155850.0
008 - FIXED-LENGTH DATA ELEMENTS--GENERAL INFORMATION
fixed length control field 260407a1967 arg spa d
003 - CONTROL NUMBER IDENTIFIER
control field AR-UNSa-BCEJYS
040 ## - CATALOGING SOURCE
Original cataloging agency AR-UNSa-BCEJYS
Language of cataloging spa
Transcribing agency AR-UNSa-BCEJYS
080 ## - UNIVERSAL DECIMAL CLASSIFICATION NUMBER
Universal Decimal Classification number 330.34
Common auxiliary subdivision Desarrollo Económico
041 ## - LANGUAGE CODE
Language code of text/sound track or separate title spa
100 1# - MAIN ENTRY--PERSONAL NAME
Personal name Clark, Colin
245 10 - TITLE STATEMENT
Title Las condiciones del progreso económico
264 #1 - PRODUCTION, PUBLICATION, DISTRIBUTION, MANUFACTURE, AND COPYRIGHT NOTICE
Place of production, publication, distribution, manufacture Madrid :
Name of producer, publisher, distributor, manufacturer Alianza Editorial
Date of production, publication, distribution, manufacture, or copyright notice 1967
300 ## - PHYSICAL DESCRIPTION
Extent 712 p.
Dimensions 23 cm.
505 ## - FORMATTED CONTENTS NOTE
Formatted contents note 1. El alcance del progreso económico - 2. Productos nacionales - 3. Comparaciones internacionales de la renta real <<Per Cápita>> y del producto real por hombre-hora para otros años - 4. Evaluación de la renta nacional real de la Unión Soviética - 5. La productividad en la industria primaria - 6. La productividad en la industria manufacturera - 7. La productividad en la industria de servicios - 8. El consumo de las principales clases de bienes y servicios como una función de la renta real - 9. La distribución de la mano de obra entre las industrias - 10. Rentas relativas y otros factores que determinan la oferta de mano de obra en las diferentes industrias y ocupaciones - 11. Recursos de capital y su acumulación - 12. La distribución de la renta entre factores de producción y entre personas -
590 ## - LOCAL NOTE (RLIN)
Local note niveau_biblio:m niveau_hierar:0
700 1# - ADDED ENTRY--PERSONAL NAME
Personal name Paredes, Miguel
700 1# - ADDED ENTRY--PERSONAL NAME
Personal name Vergara, José
942 ## - ADDED ENTRY ELEMENTS (KOHA)
Koha item type
Existencias
Withdrawn status Lost status Damaged status Not for loan Home library Current library Shelving location Date acquired Total checkouts Full call number Barcode Date last seen Price effective from Koha item type
        Biblioteca Prof. Eusebio Cleto del Rey Biblioteca Prof. Eusebio Cleto del Rey   07/04/2026   330.34 C592 L24412 07/04/2026 07/04/2026 Libro